000
00235nam a22000857a 4500
008
160816b xxu||||| |||| 00| 0 eng d
100
_9
140
_a
Sahoo R
245
_a
Informatics Practices-XII
260
_a
New Delhi
_b
Rachna Sagar publication
_c
2000
999
_c
2795
_d
2795